000 00760nam a2200229 a 4500
001 000033467
003 OSt
005 20260321073642.0
008 110830s1966 enk R 000 0 spa d
040 _aDO-SdBNP
_bspa
_cBNPHU
082 _a923.15694
_bD249B
_222
100 1 _a Bosch, Juan,
_d1909-2001
_976555
245 1 0 _aDavid :
_bthe biography of king /
_cJuan Bosch; traductor John Marks.
260 _aLondon :
_bChatto and Windus,
_c1966.
300 _a224 p. ;
_c20 cm.
590 _aInventariado, 2020/VM
600 1 4 _aDavid,
_cRey de Israel
_d1040-968 a de J. C.
_9533
650 4 _aDavid
_xReyes y soberanos
_vBiografĂ­as
_977237
700 1 _aMarks, John,
_etr.
_958999
910 _aVMateo / Validado. Control de calidad. MFF
942 _2ddc
_cLBS1
999 _c32958
_d32958